Conscience and Responsibility /

Αποθηκεύτηκε σε:
Λεπτομέρειες βιβλιογραφικής εγγραφής
Κύριος συγγραφέας: Mount , Eric
Μορφή: Βιβλίο
Γλώσσα:Αγγλικά
Έκδοση: Virgina : John Knox Press, 1969.
Έκδοση:ed.
Θέματα:
Ετικέτες: Προσθήκη ετικέτας
Δεν υπάρχουν, Καταχωρήστε ετικέτα πρώτοι!

MARC

LEADER 00000nam a22000002 4500
001 0000019172
003 Daystar
005 20171002015148.0
008 060516s xx 000 0 eng d
020 |a 0804208182 
040 |a Daystar  |d Mnakali 
050 0 0 |a BJ1471  |b .M68 
100 1 |a Mount , Eric. 
245 1 0 |a Conscience and Responsibility /  |c by Eric Mount. 
250 |a  ed. 
260 |a Virgina :  |b John Knox Press,  |c 1969. 
300 |a 191 p. 
504 |a Includes Bibliography. 
630 0
650 0 |a Conscience. 
908 |a 060516 
942 |c G 
952 |0 0  |1 0  |4 0  |6 BJ_1471_000000000000000_M68  |7 0  |9 11842  |a DUA  |b DUA  |c GC  |d 2017-09-28  |l 0  |o BJ1471.M68  |p BK001001  |r 2017-09-28 00:00:00  |w 2017-09-28  |x 33557  |y G 
999 |c 7749  |d 7749